ភូមិវិទ្យាសេដ្ឋកិច្ចកម្ពុជា និងអាស៊ាន (Record no. 9302)

000 -LEADER
fixed length control field 00352nam a22001217a 4500
040 ## - CATALOGING SOURCE
Transcribing agency HS
082 ## - DEWEY DECIMAL CLASSIFICATION NUMBER
Classification number 910
100 ## - MAIN ENTRY--AUTHOR NAME
Personal name អ៊ូ វ័ឌី
245 ## - TITLE STATEMENT
Title ភូមិវិទ្យាសេដ្ឋកិច្ចកម្ពុជា និងអាស៊ាន
260 ## - PUBLICATION, DISTRIBUTION, ETC. (IMPRINT)
Place of publication Cambodia
Name of publisher អ៊ូ វ័ឌី
Year of publication 1970
300 ## - PHYSICAL DESCRIPTION
Number of Pages 62p;
942 ## - ADDED ENTRY ELEMENTS (KOHA)
Koha item type សៀវភៅភាសាខ្មែរ
952 ## - LOCATION AND ITEM INFORMATION (KOHA)
Withdrawn status [LOCAL, KOHA] 0
Holdings
Permanent Location Date acquired Koha item type Lost status Shelving location Barcode Current Location Full call number
Library Block C2016-08-30សៀវភៅភាសាខ្មែរ C305RUA44141Library Block C910 អ៊ួ 1970 C305
មជ្ឈមណ្ឌលឯការនៃសាកលវិទ្យាល័យភូមិន្ទកសិកម្មចំការដូង

Powered by Koha